| 000 | 00545cam a2200181 i 4500 | ||
|---|---|---|---|
| 020 | _a0903384256 (pbk.) | ||
| 020 | _a0903384264 | ||
| 082 |
_a624.17 _bLOW _cL-20, P-202 |
||
| 100 | 1 |
_aLowe, P. G. _942616 |
|
| 245 | 1 | 0 |
_aBasic principles of plate theory / _cP.G. Lowe. |
| 260 |
_aGlasgow [Scotland] : _bSurrey University Press, _c1982. |
||
| 300 |
_ax, 180 p. : _bill. ; _c23 cm. |
||
| 500 | _aIncludes index. | ||
| 526 |
_a0 _b0 _c0 _d624_170000000000000_LOW |
||
| 650 | 0 |
_aMCE _9379 |
|
| 650 | 0 |
_aPlates (Engineering) _942617 |
|
| 942 |
_2ddc _cBK |
||
| 999 |
_c546475 _d546475 |
||